00336 2200145 4500001002100000005001500021035002000036245003400056100001800090300001200108260003600120082000800156084001400164990001200178INLIS00000000000237820250528114341 a0010-05250006701 aAnggur Merah /cKahlil Gibran0 aKahlil Gibran a144 hlm aYogyakarta :bDiva Press,c2004 a813 a813 KAH a a0712658